| 000 | 01865cam a22001694a 4500 | ||
|---|---|---|---|
| 005 | 20250605163311.0 | ||
| 008 | 250528s ||||||||||||||||||||||||d | ||
| 035 | _a16383 | ||
| 040 |
_aGR-AtMCL _bgre _dGR-AtMCL _eAACR2 |
||
| 245 | 1 | _aΔιεθνή Οικονομικά / Μια Εισαγωγική Προσέγγιση | |
| 260 |
_bΠουρναράκης Ε _bΤο Οικονομικο, _c1993 |
||
| 300 | _a408 | ||
| 520 | _aΠρόλογος, Εισαγωγή, Διεθνείς Νομισματικές Σχέσεις, Η Αγορά Συναλλάγματος, Αγορά Συναλλάγματος και ο Καθορισμός της Ισοτιμίας, Το Ισοζύγιο Πληρωμών, Οι Μηχανισμοί Προσαρμογής του Ισοζύγιου Πληρωμών, Το Διεθνές Νομισματικό Σύστημα: Ιστορλία και Εξελίξεις, Το Παρόν και το Μέλλον του Διεθνούς Νομισματικού Συστήματος, Διεθνής Οικονομική Ανταλλαγή, Η Θεωρία των Συγκριτικών Δαπανών: Από την Κλασσική στη Μοντέρνα Προσέγγιση, Η Κριτική της Παραδοσιακής Προσέγγισης και οι Νέες Εξελίξεις στη Θεωρία του Διεθνούς Εμπορίου, Δασμοί και Προστασία, Το Διεθνές Εμπόριο Μεταπολεμικά και το Θεσμικό Πλαίσιο της Διεθνούς Ανταλλαγής, Διεθνές Εμπόριο και Αναπτυσσόμενες Χώρες, Οι Πολυεθνικές Επιχειρήσεις, Οικονομική Ενοποίηση - Θεωρία και Πράξη, Οικονομική Ενοποίηση. | ||
| 942 | _cBK | ||
| 999 |
_c1891 _d1891 |
||